000 01512nam0a2200349 4500
001 RU\NLR\bibl\3183
005 20260406043922.0
010 _a5-02-013653-0
_9700
021 _aRU
_b98-1246
_964
035 _a(NLR Aleph) 000003070
090 _a6055
_c6055
100 _a19980714d1997 |||y0rusy50 ca
101 0 _arus
_deng
102 _aRU
105 _a|||||||||||||
200 1 _aЭкономика нефтепроводного транспорта
_fВ.И. Воронин, Н.Н. Борисов
210 _aМ.
_cНаука
_d1997
215 _a310 с.
_d22
300 _aРез. на англ. яз.
320 _aБиблиогр.: с. 307-308
606 0 _aНефтепроводы
_jРуководства, пособия и т.п.
_xЭкономические исследования
_92132414
_3RU\NLR\auth\661286324
606 0 _aНефтепроводы
_jУчебные издания
_xЭкономические исследования
_92132414
_3RU\NLR\auth\661286324
686 _aУ37(2)65я7
700 1 _4070
_8rus
_7ca
_aВоронин
_bВ. И.
_cД-р экон. наук
_f1943-
_gВиктор Иванович
_3RU\NLR\AUTH\773892
_9113881
701 1 _4070
_8rus
_7ca
_aБорисов
_bН. Н.
_cканд. экон. наук
_gНиколай Николаевич
_3RU\NLR\AUTH\773895
_9113884
801 0 _aRU
_bNLR
_c19980714
_gPSBO
801 1 _aRU
_bNLR
_c19980714
830 _aавт.раскрыты по кн.
852 _aNLR
_j98-5/516
942 _cBOOK
980 _aNB